000 00498nam a22001697a 4500
005 20251108170746.0
008 250721s1996 xx 000 0 ara d
082 1 4 _a739.2/محم
100 1 _aجودي، محمد حسين
245 1 0 _aعلوم الذهب و صياغة المجوهرات /
264 1 _aعمان :
_bدار الصفاء للنشر و التوزيع،
_c1996.
300 _a172ص
650 1 7 _aالفنون
650 1 7 _aالصياغة
942 _2ddc
_cBK
999 _c48305
_d48305